000
00388nam a22001697a 4500
003
MPLRDC
005
20220104124748.0
008
210129b ||||| |||| 00| 0 eng d
082
_a
857.9 JY v.2 c.2
100
_a
金庸著
245
_a
碧血剑. 下
_c
250
_a
第九版
260
_a
_b
明河出版社
_c
1990
300
_b
平
650
_a
942
_c
BK
_o
857.9 JY v.2 c.2
999
_c
21939
_d
21929